| 000 | 00528cam a22001577a 4500 | ||
|---|---|---|---|
| 008 | 180718b2017 xxu||||| |||| 00| 0 eng d | ||
| 020 | _a9788184846270 | ||
| 082 | _aA99 Am16/C393 | ||
| 100 | _aChaudhary, Ram Naresh | ||
| 245 |
_aDr. Ambedkar's vision of social justice in Indian constitution _cby Ram Naresh Chaudhary |
||
| 260 |
_aNew Delhi _bRegal Publications _c2017 |
||
| 300 | _a297p. | ||
| 650 | _aConstitutional law -- India | ||
| 650 | _aSocial justice -- India | ||
| 650 | _aAmbedkar, B. R. (Bhimrao Ramji), 1891-1956 | ||
| 999 |
_c445454 _d445454 |
||